Personnages de Films, Séries TV, Dessins-animés pas très sympa - Statistiques

Statistiques générales
  • Ce quiz a été pris 232 fois
  • Le résultat moyen est 15 sur 40
Statistiques - réponses
Par images Hint Réponse % Correct
Star Wars Dark Vador
100%
Les Schtroumpfs Gargamel
99%
Batman Le Joker
92%
Harry Potter Voldemort
88%
Le Roi Lion Scar
86%
Les 101 Dalmatiens Cruella d'Enfer
84%
Lucky Luke Joe Dalton
79%
Bip Bip et Coyote Vil Coyote
69%
Ça Ça
58%
Les Griffes de la Nuit Freddy Krueger
56%
Les Simpsons Mr. Burns
54%
Le Silence des Agneaux Hannibal Lecter
53%
Star Wars Palpatine
52%
Game of Thrones Cersei Lannister
37%
Vendredi 13 Jason Voorhees
36%
The Walking Dead Negan
35%
Prison Break Theodore Bagwell
33%
Game of Thrones Joffrey Baratheon
32%
Desperate Housewives Edie Britt
27%
Game of Thrones Ramsay Bolton
26%
Psychose Norman Bates
25%
Retour vers le Futur Biff Tannen
24%
Breaking Bad Gustavo Fring
24%
The Walking Dead Le Gouverneur
21%
La Petite Maison dans la Prairie Nellie Oleson
21%
Gladiator Commode
20%
Matrix Agent Smith
19%
Shining Jack Torrance
17%
Vikings Ivar "le Désossé"
14%
Dallas JR Ewing
14%
Inglourious Basterds Hans Landa
12%
James Bond Requin
12%
Saw John Kramer
10%
Tom Sawyer Joe l'Indien
9%
Django Unchained Calvin Candie
6%
Vol au dessus d'un Nid de Coucou L'infirmière Mildred Ratched
6%
La Servante Ecarlate Tante Lydia
6%
Misery Annie Wilkes
5%
Kill Bill Elle Driver
4%
Banshee Kai Proctor
2%
Aucun quiz correspondant
Distribution des résultats
% des personnes avec chaque résultat
Percentile par nombre de réponses
Votre historique - résultats
Vous n’avez pas pris ce quiz